Iglesia servidora de la vida: orientaciones pastorales 1986-89
Tallennettuna:
| Yhteisötekijä: | |
|---|---|
| Aineistotyyppi: | Kirja |
| Kieli: | espanja |
| Julkaistu: |
Santiago
Conferencia Episcopal de Chile
1989
|
| Aiheet: | |
| Tagit: |
Lisää tagi
Ei tageja, Lisää ensimmäinen tagi!
|
MARC
| LEADER | 00000nam a2200000 a 4500 | ||
|---|---|---|---|
| 001 | UCS5261 | ||
| 003 | CL-VaPUC | ||
| 008 | 970830e19890000CL |||||||||||||||||spa|d | ||
| 082 | 0 | 4 | |a 269.2 |b CON |2 21 |
| 110 | 2 | |a Conferencia Episcopal de Chile |e author |9 391121 | |
| 245 | 1 | 0 | |a Iglesia servidora de la vida: orientaciones pastorales 1986-89 |
| 300 | |a 80 p | ||
| 942 | |c BK | ||
| 945 | |d 19970830 00:00:00 |a jquezada | ||
| 260 | |a Santiago |b Conferencia Episcopal de Chile |c 1989 | ||
| 650 | 7 | |a EVANGELIZACION |2 CL-VaPUC |9 391122 | |
| 650 | 0 | |a Familia cristiana |9 311439 | |
| 650 | 0 | |a Catolicismo |9 258690 | |
| 650 | 0 | |a Religión |9 255164 | |
| 650 | 0 | |a Interacción social |9 307764 | |
| 650 | 0 | |a Psicología |9 257863 | |
| 650 | 0 | |a Economía |9 255568 | |
| 650 | 0 | |a Dios |9 266622 | |
| 650 | 0 | |a Problemas sociales |9 258537 | |
| 583 | |a last modification |c 19970830 00:00:00 |k Rodrigo Vera | ||
| 999 | |c 261868 |d 261866 | ||
| 952 | |0 0 |1 0 |4 0 |6 269_200000000000000_CON_1989 |7 0 |8 A |9 289737 |a BIBDER |b BIBDER |d 2019-11-19 |i 3331431 |o 269.2 CON 1989 |p 3331431 |r 2023-01-25 |w 2019-11-19 |y BK |k DER | ||
| 952 | |0 0 |1 0 |4 0 |6 269_200000000000000_CON_1989 |7 0 |8 A |9 289738 |a BIBDER |b BIBDER |d 2019-11-19 |i 333144K |o 269.2 CON 1989 |p 333144K |r 2023-01-25 |w 2019-11-19 |y BK |k DER | ||
| 952 | |0 0 |1 2 |4 0 |6 269_200000000000000_CON_1989 |7 0 |8 A |9 289739 |a BIBTEO |b BIBTEO |d 2019-11-19 |i 3909611 |o 269.2 CON 1989 |p 3909611 |r 2019-11-19 |w 2019-11-19 |x Descarte 2019 |y BK |k ICR | ||
| 952 | |0 0 |1 0 |4 0 |6 269_200000000000000_CON_1989 |7 0 |8 A |9 289740 |a BIBTEO |b BIBTEO |d 2019-11-19 |i 2080486 |o 269.2 CON 1989 |p 2080486 |r 2025-01-17 |w 2019-11-19 |y BK |k ICR | ||
| 952 | |0 0 |1 2 |4 0 |6 269_200000000000000_CON_1989 |7 0 |8 A |9 289741 |a BIBTEO |b BIBTEO |d 2019-11-19 |i 2080494 |o 269.2 CON 1989 |p 2080494 |r 2019-11-19 |w 2019-11-19 |x Descarte 2019 |y BK |k ICR | ||
| 952 | |0 0 |1 2 |4 0 |6 269_200000000000000_CON_1989 |7 0 |8 A |9 289742 |a BIBTEO |b BIBTEO |d 2019-11-19 |i 2080508 |o 269.2 CON 1989 |p 2080508 |r 2019-11-19 |w 2019-11-19 |x Descarte 2019 |y BK |k ICR | ||
| 952 | |0 0 |1 0 |4 0 |6 269_200000000000000_CON_1989 |7 0 |8 A |9 289743 |a BIBTEO |b BIBTEO |d 2019-11-19 |i 2080516 |o 269.2 CON 1989 |p 2080516 |r 2024-01-18 |w 2019-11-19 |y BK |k ICR | ||
| 952 | |0 0 |1 2 |4 0 |6 269_200000000000000_CON_1989 |7 0 |8 A |9 289744 |a BIBTEO |b BIBTEO |d 2019-11-19 |i 2080524 |o 269.2 CON 1989 |p 2080524 |r 2019-11-19 |w 2019-11-19 |x Descarte 2019 |y BK |k ICR | ||
| 952 | |0 0 |1 0 |4 0 |6 269_200000000000000_CON_1989 |7 0 |8 A |9 289745 |a BIBTEO |b BIBTEO |d 2019-11-19 |i 2080532 |o 269.2 CON 1989 |p 2080532 |r 2025-01-17 |w 2019-11-19 |y BK |k ICR | ||
| 952 | |0 0 |1 2 |4 0 |6 269_200000000000000_CON_1989 |7 0 |8 A |9 289746 |a BIBTEO |b BIBTEO |d 2019-11-19 |i 2080540 |o 269.2 CON 1989 |p 2080540 |r 2019-11-19 |w 2019-11-19 |x Descarte 2019 |y BK |k ICR | ||
| 952 | |0 0 |1 2 |4 0 |6 269_200000000000000_CON_1989 |7 0 |8 A |9 289747 |a BIBTEO |b BIBTEO |d 2019-11-19 |i 2080559 |o 269.2 CON 1989 |p 2080559 |r 2019-11-19 |w 2019-11-19 |x Descarte 2019 |y BK |k ICR | ||
| 952 | |0 0 |1 0 |4 0 |6 269_200000000000000_CON_1989 |7 0 |8 A |9 289748 |a BIBTEO |b BIBTEO |d 2019-11-19 |i 4244907 |o 269.2 CON 1989 |p 4244907 |r 2025-01-17 |w 2019-11-19 |y BK |k ICR | ||
| 952 | |0 0 |1 0 |4 0 |6 269_200000000000000_CON_1989 |7 0 |8 A |9 289749 |a BIBTEO |b BIBTEO |d 2019-11-19 |i 4244893 |o 269.2 CON 1989 |p 4244893 |r 2025-01-17 |w 2019-11-19 |y BK |k ICR | ||
| 952 | |0 0 |1 2 |4 0 |6 269_200000000000000_CON_1989 |7 0 |8 A |9 289750 |a BIBTEO |b BIBTEO |d 2019-11-19 |i 4244885 |o 269.2 CON 1989 |p 4244885 |r 2019-11-19 |w 2019-11-19 |x Descarte 2019 |y BK |k ICR | ||